The WTO and patenting of life forms: policy options for developing countries (Record no. 56393)

000 -LEADER
fixed length control field 00432pab a2200157 454500
008 - FIXED-LENGTH DATA ELEMENTS--GENERAL INFORMATION
fixed length control field 180718b2003 xxu||||| |||| 00| 0 eng d
100 ## - MAIN ENTRY--PERSONAL NAME
Personal name Plahe, Jagjit Kaur
245 ## - TITLE STATEMENT
Title The WTO and patenting of life forms: policy options for developing countries
260 ## - PUBLICATION, DISTRIBUTION, ETC.
Date of publication, distribution, etc. 2003
300 ## - PHYSICAL DESCRIPTION
Extent p.29-45.
362 ## - DATES OF PUBLICATION AND/OR SEQUENTIAL DESIGNATION
Dates of publication and/or sequential designation Feb
650 ## - SUBJECT ADDED ENTRY--TOPICAL TERM
Topical term or geographic name entry element World Trade Organization
700 ## - ADDED ENTRY--PERSONAL NAME
Personal name Nyland, Chris
773 ## - HOST ITEM ENTRY
Main entry heading Third World Quarterly
909 ## -
-- 56393
Holdings
Withdrawn status Lost status Damaged status Not for loan Permanent Location Current Location Date acquired Serial Enumeration / chronology Barcode Date last seen Price effective from Koha item type
        Indian Institute of Public Administration Indian Institute of Public Administration 2018-07-19 Volume no: 24, Issue no: 1 AR56838 2018-07-19 2018-07-19 Articles

Powered by Koha